Zwycięzcy Plebiscytu Przeglądu Sportowego - Statystyki

Ogólne statystyki
  • Ten quiz został rozwiązany 1 207 razy
    135 od ostatniego zresetowania
  • Średni wynik to 32 z 89
Statystyki odpowiedzi
Hint Odpowiedź % Poprawnych
2015 Robert Lewandowski
99%
2020 Robert Lewandowski
99%
2021 Robert Lewandowski
99%
2001 Adam Małysz
91%
2002 Adam Małysz
91%
2003 Adam Małysz
91%
2007 Adam Małysz
91%
2022 Iga Świątek
91%
2023 Iga Świątek
91%
2014 Kamil Stoch
88%
2017 Kamil Stoch
88%
2019 Bartosz Zmarzlik
77%
2016 Anita Włodarczyk
76%
2018 Bartosz Kurek
75%
1965 Irena Szewińska
74%
1966 Irena Szewińska
74%
1974 Irena Szewińska
74%
1976 Irena Szewińska
74%
2009 Justyna Kowalczyk
74%
2010 Justyna Kowalczyk
74%
2011 Justyna Kowalczyk
74%
2012 Justyna Kowalczyk
74%
2013 Justyna Kowalczyk
74%
2004 Otylia Jędrzejczak
68%
2005 Otylia Jędrzejczak
68%
2006 Otylia Jędrzejczak
68%
1982 Zbigniew Boniek
66%
1998 Robert Korzeniowski
63%
2000 Robert Korzeniowski
63%
2008 Robert Kubica
61%
1993 Rafał Kubacki
41%
1980 Władysław Kozakiewicz
41%
1999 Tomasz Gollob
40%
1931 Janusz Kusociński
33%
1995 Paweł Nastula
33%
1997 Paweł Nastula
33%
1996 Renata Mauer
30%
1927 Halina Konopacka
28%
1928 Halina Konopacka
28%
1971 Ryszard Szurkowski
21%
1973 Ryszard Szurkowski
21%
1930 Stanisława Walasiewicz
20%
1932 Stanisława Walasiewicz
20%
1933 Stanisława Walasiewicz
20%
1934 Stanisława Walasiewicz
20%
1926 Wacław Kuchar
18%
1938 Stanisław Marusarz
17%
1988 Waldemar Legień
16%
1992 Waldemar Legień
16%
1994 Andrzej Wroński
15%
1984 Andrzej Grubba
14%
1969 Waldemar Baszanowski
14%
1977 Janusz Pyciak-Peciak
12%
1981 Janusz Pyciak-Peciak
12%
1957 Jerzy Pawłowski
11%
1968 Jerzy Pawłowski
11%
1960 Józef Szmidt
11%
1964 Józef Szmidt
11%
1967 Sobiesław Zasada
10%
1936 Jadwiga Jędrzejowska
9%
1937 Jadwiga Jędrzejowska
9%
1972 Witold Woyda
9%
1951 Zygmunt Chychła
9%
1952 Zygmunt Chychła
9%
1985 Lech Piasecki
8%
1954 Janusz Sidło
7%
1955 Janusz Sidło
7%
1990 Wanda Panfil
7%
1991 Wanda Panfil
7%
1958 Zdzisław Krzyszkowiak
7%
1956 Elżbieta Krzesińska
6%
1983 Zdzisław Hoffmann
6%
1975 Zygmunt Smalcerz
6%
1986 Andrzej Malina
5%
1989 Joachim Halupczok
5%
1978 Józef Łuszczek
5%
1987 Marek Łbik i Marek Dopierała
4%
1962 Teresa Ciepły
4%
1948 Aleksy Antkiewicz
3%
1959 Edmund Piątkowski
3%
1950 Helena Rakoczy
3%
1961 Ireneusz Paliński
3%
1979 Jan Jankiewicz
3%
1953 Leszek Drogosz
3%
1935 Roger Verey
3%
1963 Ryszard Parulski
3%
1929 Stanisław Petkiewicz
3%
1970 Teresa Sukniewicz
3%
1949 Zdobysław Stawczyk
2%
Nie znaleziono quizów pasujących do podanych kryteriów
Rozkład punktacji
Procent ludzi z każdym wynikiem
Percentyl według liczby udzielonych odpowiedzi
Twoja historia wyników
Nie rozwiązałeś tego quizu od ostatniego zresetowania